[Event "2 IECC, Ohrid"]
[Site "Ohrid MKD"]
[Date "2001.06.03"]
[Round "3.51"]
[White "Czebe, Attila"]
[Black "Degraeve, Jean-Marc"]
[Result "1-0"]
[WhiteElo "2502"]
[BlackElo "2589"]
[EventDate "2001.06.01"]
[PlyCount "119"]

1.e4 e5 2.Nf3 Nc6 3.Bc4 Bc5 4.c3 Nf6 5.d3 d6 6.h3 Bb6 7.O-O O-O 8.Re1 h6 
9.Bb3 Ne7 10.Nbd2 Ng6 11.Nc4 Nh7 12.d4 Qf6 13.a4 c6 14.Nxb6 axb6 15.Be3 c5
16.Nd2 Ng5 17.f3 h5 18.Kh1 Ne6 19.Bxe6 Bxe6 20.d5 Bd7 21.Nf1 b5 22.a5 Ra6 
23.b4 c4 24.Ng3 Nf4 25.Qd2 Nd3 26.Rf1 Qg6 27.Kh2 Raa8 28.h4 f5 29.Bg5 Rf7 
30.Qe2 Ra6 31.Nh1 Rf8 32.Qe3 Qh7 33.Nf2 Nxf2 34.Rxf2 f4 35.Qe1 Rfa8 36.Qg1
Qg6 37.g3 fxg3+ 38.Qxg3 Kh7 39.Be3 Qxg3+ 40.Kxg3 Re8 41.Rg2 Raa8 42.Kf2 
Rf8 43.Rag1 Rf7 44.Ke2 Rg8 45.Bg5 Rgf8 46.Rf2 Bg4 47.Rg3 Bc8 48.Ke3 g6 49.
f4 Bg4 50.Rg1 Kg7 51.Ra1 Bc8 52.Raa2 exf4+ 53.Rxf4 Rxf4 54.Bxf4 Rd8 55.Rf2
Bg4 56.Kd4 Kg8 57.Bg3 Kg7 58.e5 Bf5 59.exd6 Rc8 60.Re2 1-0

[Event "2 IECC, Ohrid"]
[Site "Ohrid MKD"]
[Date "2001.06.03"]
[Round "3.53"]
[White "Izoria, Zviad"]
[Black "Galkin, Alexander"]
[Result "1/2-1/2"]
[WhiteElo "2489"]
[BlackElo "2584"]
[EventDate "2001.06.01"]
[PlyCount "31"]

1.d4 d5 2.c4 e6 3.Nf3 c6 4.Qc2 Nf6 5.Bg5 h6 6.Bh4 dxc4 7.Qxc4 b5 8.Qc2 Bb7
9.Nbd2 Nbd7 10.e3 Rc8 11.Be2 Be7 12.O-O c5 13.Bxf6 Bxf6 14.Ne4 Bxe4 15.
Qxe4 Qb6 16.dxc5 1/2-1/2

[Event "2 IECC, Ohrid"]
[Site "Ohrid MKD"]
[Date "2001.06.03"]
[Round "3.54"]
[White "Pigusov, Evgeny"]
[Black "Minasian, Ara"]
[Result "1/2-1/2"]
[WhiteElo "2584"]
[BlackElo "2478"]
[EventDate "2001.06.01"]
[PlyCount "49"]

1.Nf3 c5 2.c4 Nc6 3.Nc3 e5 4.g3 g6 5.Bg2 Bg7 6.O-O Nge7 7.Ne1 d6 8.Nc2 Be6
9.Ne3 O-O 10.a3 a5 11.Rb1 Rb8 12.d3 Nd4 13.Ned5 Nxd5 14.Nxd5 b5 15.e3 Nf5 
16.Bd2 b4 17.axb4 axb4 18.Ra1 Ne7 19.Nxe7+ Qxe7 20.Qb3 Qd7 21.Ra6 Rfd8 22.
Bc6 Qc7 23.Bg2 Qd7 24.Bc6 Qc7 25.Bg2 1/2-1/2

[Event "2 IECC, Ohrid"]
[Site "Ohrid MKD"]
[Date "2001.06.03"]
[Round "3.58"]
[White "Psakhis, Lev"]
[Black "Gausel, Einar"]
[Result "1-0"]
[WhiteElo "2575"]
[BlackElo "2480"]
[EventDate "2001.06.01"]
[PlyCount "99"]

1.e4 d5 2.exd5 Qxd5 3.Nc3 Qa5 4.d4 c6 5.Bc4 Bf5 6.Nf3 Nf6 7.Bd2 e6 8.Ne4 
Qc7 9.Nxf6+ gxf6 10.Nh4 Bg6 11.Qe2 Nd7 12.O-O-O O-O-O 13.c3 c5 14.d5 Nb6 
15.Nxg6 hxg6 16.dxe6 Rxd2 17.Rxd2 Bh6 18.Rd1 fxe6 19.Qxe6+ Kb8 20.g3 Bxd2+
21.Rxd2 Nxc4 22.Qxc4 Re8 23.h4 f5 24.Qd5 a5 25.Kd1 a4 26.Qd6 a3 27.bxa3 
Re4 28.Qxc7+ Kxc7 29.Re2 Ra4 30.Re7+ Kd6 31.Rxb7 Rxa3 32.Rb6+ Kd5 33.Rxg6 
Rxa2 34.Ke1 Ke4 35.Re6+ Kf3 36.Re5 f4 37.Rxc5 Re2+ 38.Kd1 Rxf2 39.gxf4 
Kxf4 40.h5 Rh2 41.Rd5 Ke3 42.Kc1 Ke4 43.c4 Ke3 44.h6 Rxh6 45.Kc2 Ke4 46.
Kc3 Rc6 47.Rh5 Ra6 48.Kb4 Ra1 49.c5 Kd4 50.c6 1-0

[Event "2 IECC, Ohrid"]
[Site "Ohrid MKD"]
[Date "2001.06.03"]
[Round "3.60"]
[White "Stefansson, Hannes Hlifar"]
[Black "Rogic, Davor"]
[Result "1-0"]
[WhiteElo "2570"]
[BlackElo "2457"]
[EventDate "2001.06.01"]
[PlyCount "107"]

1.e4 e5 2.Nf3 Nc6 3.Bb5 a6 4.Ba4 Nf6 5.O-O Be7 6.Re1 b5 7.Bb3 O-O 8.a4 Bb7
9.d3 d6 10.Nbd2 Nd7 11.c3 Nc5 12.Bc2 d5 13.axb5 axb5 14.Rxa8 Bxa8 15.exd5 
Qxd5 16.d4 exd4 17.cxd4 Na6 18.Ne4 Nab4 19.Bb3 Qf5 20.Ng3 Qd7 21.Qe2 Rb8 
22.Bg5 Bf8 23.Bd2 h6 24.h3 Kh8 25.Rd1 Nd5 26.Bc2 Nf6 27.Bb3 Bd6 28.Qd3 Rd8
29.Nf5 Bf8 30.Ra1 Nd5 31.Qe4 Bb7 32.Bc2 Re8 33.Qh4 Re6 34.Ng3 Nde7 35.Bb3 
Nd5 36.Qh5 Rd6 37.Ne4 Nf6 38.Nxf6 Rxf6 39.d5 Nb4 40.Bc3 Qf5 41.Qxf5 Rxf5 
42.Ra5 Bxd5 43.Rxb5 c5 44.Bxd5 Nxd5 45.Rb8 Kg8 46.Be5 Nf6 47.Bd6 Nh7 48.
Ne5 f6 49.Ng6 Kf7 50.Nxf8 Ng5 51.Rb7+ Ke8 52.Re7+ Kd8 53.Rxg7 Rd5 54.Bf4 
1-0

[Event "2 IECC, Ohrid"]
[Site "Ohrid MKD"]
[Date "2001.06.03"]
[Round "3.61"]
[White "Bogdanovski, Vlatko"]
[Black "Conquest, Stuart"]
[Result "0-1"]
[WhiteElo "2463"]
[BlackElo "2563"]
[EventDate "2001.06.01"]
[PlyCount "66"]

1.d4 f5 2.g3 Nf6 3.Bg2 g6 4.Nf3 Bg7 5.O-O O-O 6.Nbd2 Nc6 7.c3 Kh8 8.Re1 d5
9.c4 Be6 10.c5 Bg8 11.Nb3 Nd7 12.Bf4 e5 13.dxe5 Ndxe5 14.Nxe5 Nxe5 15.Nd4 
Qe7 16.Rc1 g5 17.Bxe5 Qxe5 18.e3 f4 19.Qb3 fxe3 20.fxe3 g4 21.Ne2 Rad8 22.
Qd3 Qxb2 23.Rb1 Qxa2 24.Nd4 Rf2 25.Re2 Rxe2 26.Nxe2 b6 27.Rc1 Qb2 28.cxb6 
cxb6 29.Rc7 Qa1+ 30.Bf1 Re8 31.Kf2 a5 32.Nf4 Rxe3 33.Kxe3 Qe5+ 0-1

[Event "2 IECC, Ohrid"]
[Site "Ohrid MKD"]
[Date "2001.06.03"]
[Round "3.63"]
[White "Volkov, Sergei"]
[Black "Hillarp Persson, Tiger"]
[Result "1/2-1/2"]
[WhiteElo "2558"]
[BlackElo "2443"]
[EventDate "2001.06.01"]
[PlyCount "113"]

1.d4 d5 2.c4 c6 3.Nc3 Nf6 4.e3 a6 5.Qc2 g6 6.a4 Bg7 7.Nf3 O-O 8.Bd2 Bg4 9.
Ne5 Be6 10.Qb3 Nbd7 11.Qxb7 Nxe5 12.dxe5 Nd7 13.cxd5 cxd5 14.f4 Rb8 15.
Qxa6 Nc5 16.Qa7 Qc8 17.Nxd5 Bxd5 18.Rc1 Qg4 19.Qxc5 Rfd8 20.Qxe7 Bf8 21.
Qg5 Qxg5 22.fxg5 Rxb2 23.Bc3 Ra2 24.Be2 Rc8 25.Kf2 Ba3 26.Bb2 Rxc1 27.Bxc1
Bb4 28.Rd1 Bc4 29.Bd2 Bxe2 30.Kxe2 Kf8 31.Kd3 Bxd2 32.Rxd2 Rxa4 33.e4 Ke7 
34.Ke3 Ra1 35.g3 Re1+ 36.Re2 Rxe2+ 37.Kxe2 Ke6 38.Ke3 Kxe5 39.Kd3 Ke6 40.
Kd4 Kd6 41.e5+ Ke6 42.Ke4 Ke7 43.Kd5 Kd7 44.g4 Ke7 45.h3 Kd7 46.h4 Ke7 47.
e6 fxe6+ 48.Ke5 Kf7 49.Kd6 e5 50.Kxe5 Ke7 51.Kd5 Kd7 52.h5 gxh5 53.gxh5 
Ke7 54.Ke5 Kf7 55.Kd6 h6 56.g6+ Kg7 57.Ke7 1/2-1/2

[Event "2 IECC, Ohrid"]
[Site "Ohrid MKD"]
[Date "2001.06.03"]
[Round "3.70"]
[White "Chernyshov, Konstantin"]
[Black "Kizov, Atanas"]
[Result "1-0"]
[WhiteElo "2536"]
[BlackElo "2368"]
[EventDate "2001.06.01"]
[PlyCount "83"]

1.d4 d5 2.Nc3 Nf6 3.Bg5 Nbd7 4.e3 g6 5.f4 Bg7 6.Qf3 c6 7.Bd3 O-O 8.Nge2 e6
9.O-O-O Qa5 10.Kb1 c5 11.Bb5 a6 12.Bxd7 Bxd7 13.Bxf6 Bxf6 14.e4 cxd4 15.
Nxd4 dxe4 16.Nxe4 Bg7 17.g4 Rfd8 18.f5 exf5 19.gxf5 Bxd4 20.fxg6 Qf5 21.
gxf7+ Kh8 22.Qxf5 Bxf5 23.f8=Q+ Rxf8 24.Rxd4 Rac8 25.Nc3 b5 26.a3 Bg6 27.
Rd2 Rc5 28.Rhd1 a5 29.Rd8 Rf5 30.Nxb5 Rxd8 31.Rxd8+ Kg7 32.Nd4 Rf1+ 33.Ka2
a4 34.b4 axb3+ 35.Kxb3 Rh1 36.c4 Rxh2 37.c5 Rh1 38.c6 Rc1 39.Kb2 Rb1+ 40.
Kc3 Kf6 41.Kd2 Rb2+ 42.Ke3 1-0

[Event "2 IECC, Ohrid"]
[Site "Ohrid MKD"]
[Date "2001.06.03"]
[Round "3.71"]
[White "Blehm, Pawel"]
[Black "Organdziev, Oliver"]
[Result "1-0"]
[WhiteElo "2530"]
[BlackElo "2322"]
[EventDate "2001.06.01"]
[PlyCount "77"]

1.e4 e6 2.d4 d5 3.Nd2 Nf6 4.e5 Nfd7 5.Bd3 c5 6.c3 Nc6 7.Ne2 cxd4 8.cxd4 f6
9.exf6 Nxf6 10.Nf3 Bd6 11.O-O O-O 12.Bf4 Bxf4 13.Nxf4 Ng4 14.Nh5 e5 15.
dxe5 Ncxe5 16.Be2 g6 17.Ng3 Be6 18.Nd4 Qb6 19.Nxe6 Qxe6 20.Qd4 Nf6 21.Rad1
Nc6 22.Qd2 Rad8 23.Bd3 Kh8 24.a3 Ng8 25.b4 a6 26.Rfe1 Qf6 27.Re3 Ne5 28.
Rde1 Nc4 29.Bxc4 dxc4 30.Qe2 Rd3 31.Re6 Qg7 32.a4 Rfd8 33.Ne4 c3 34.Qc2 
Qd4 35.h4 Rf8 36.Rd6 Rd2 37.Qb1 c2 38.Qc1 Qxf2+ 39.Nxf2 1-0

[Event "2 IECC, Ohrid"]
[Site "Ohrid MKD"]
[Date "2001.06.03"]
[Round "3.72"]
[White "Weiss, Christian"]
[Black "Sulskis, Sarunas"]
[Result "0-1"]
[WhiteElo "2368"]
[BlackElo "2530"]
[EventDate "2001.06.01"]
[PlyCount "112"]

1.d4 d6 2.e4 Nf6 3.Nc3 g6 4.f3 c6 5.Be3 Nbd7 6.Qd2 b5 7.g4 Qa5 8.g5 Nh5 9.
Nge2 Bg7 10.Ng3 Nxg3 11.hxg3 Rb8 12.a3 c5 13.b4 cxb4 14.Nd5 Bb7 15.Nxb4 
Nb6 16.Rh4 Rc8 17.Qe2 Kf8 18.Qd2 Qa4 19.c3 Qb3 20.Rc1 a5 21.Na2 Nc4 22.
Bxc4 Rxc4 23.Kf2 Qxa3 24.Rhh1 d5 25.Rb1 Ba6 26.Ra1 Qd6 27.Nc1 a4 28.Nd3 
dxe4 29.fxe4 Bb7 30.Rh4 e6 31.Qb2 Qc6 32.Nc5 Ke7 33.Rb1 Ra8 34.Qa3 Rxc5 
35.d5 exd5 36.Rxh7 d4 37.Bxd4 Bxd4+ 38.cxd4 Rc8 39.Rc1 Qd6 40.dxc5 Qd2+ 
41.Kf1 b4 42.Qa1 Qxg5 43.Rc2 Qxg3 44.Rg2 Qd3+ 45.Kg1 Rxc5 46.Qe1 Qd4+ 47.
Kh2 Qe5+ 48.Kg1 Bxe4 49.Rf2 Qg3+ 50.Kf1 Qd3+ 51.Re2 Rf5+ 52.Kg1 Rg5+ 53.
Kf1 Kf8 54.Qxb4+ Kg8 55.Rh2 Qf3+ 56.Ref2 Qd1+ 0-1

[Event "2 IECC, Ohrid"]
[Site "Ohrid MKD"]
[Date "2001.06.03"]
[Round "3.73"]
[White "Stojanovski, Dejan"]
[Black "Yegiazarian, Arsen"]
[Result "1/2-1/2"]
[WhiteElo "2351"]
[BlackElo "2529"]
[EventDate "2001.06.01"]
[PlyCount "71"]

1.e4 c5 2.Nf3 Nc6 3.d4 cxd4 4.Nxd4 Qc7 5.Nc3 e6 6.Be3 a6 7.Bd3 Nf6 8.O-O 
Bd6 9.f4 Bc5 10.Nf5 Bxe3+ 11.Nxe3 d6 12.Kh1 b6 13.Qf3 Bb7 14.Qg3 O-O 15.
Qh4 h6 16.Rae1 Qe7 17.Qg3 Nb4 18.e5 dxe5 19.fxe5 Nh5 20.Qg4 Nxd3 21.cxd3 
Qg5 22.Qxg5 hxg5 23.d4 Rfd8 24.Rd1 b5 25.Kg1 b4 26.Na4 Nf4 27.Nc5 Bc6 28.
Rf2 f6 29.h4 fxe5 30.dxe5 Rxd1+ 31.Nxd1 Ng6 32.hxg5 Nxe5 33.Nxe6 Re8 34.
Nc7 Rd8 35.Ne3 a5 36.Nf5 1/2-1/2

[Event "2 IECC, Ohrid"]
[Site "Ohrid MKD"]
[Date "2001.06.03"]
[Round "3.74"]
[White "Torfinnsson, Bragi"]
[Black "Gdanski, Jacek"]
[Result "1/2-1/2"]
[WhiteElo "2292"]
[BlackElo "2528"]
[EventDate "2001.06.01"]
[PlyCount "148"]

1.d4 d5 2.Nf3 Nf6 3.c4 dxc4 4.Nc3 a6 5.a4 c5 6.d5 e6 7.e4 exd5 8.exd5 Bd6 
9.Bxc4 Qe7+ 10.Be2 O-O 11.O-O Bg4 12.Re1 Qc7 13.h3 Bxf3 14.Bxf3 Nbd7 15.
Bg5 h6 16.Bxf6 Nxf6 17.Ne4 Nxe4 18.Bxe4 b5 19.b3 c4 20.bxc4 bxc4 21.Qf3 
Rab8 22.Rac1 Rb4 23.h4 Qd8 24.h5 Qf6 25.Qxf6 gxf6 26.Bf5 Rd8 27.g3 Bc5 28.
Re4 Rxd5 29.Bc8 Rb2 30.Rexc4 Bxf2+ 31.Kg2 Rdd2 32.Kf3 a5 33.Bf5 Rd5 34.Rf4
Bc5 35.Re1 Kf8 36.Kg4 Bd6 37.Rfe4 Be5 38.R4e3 Rb4+ 39.Kf3 Rxa4 40.g4 Ke7 
41.Re4 Rxe4 42.Rxe4 Rd3+ 43.Re3 Rd5 44.Bd3 a4 45.Bb1 Ra5 46.Ra3 Bb2 47.
Re3+ Kf8 48.Rd3 a3 49.Ba2 Ke7 50.Rd5 Ra7 51.Rb5 Be5 52.Rb4 Bd6 53.Rb5 Kd7 
54.Rb1 Kc6 55.Rc1+ Bc5 56.Ke4 Re7+ 57.Kf5 Rd7 58.Kxf6 Rd2 59.Bxf7 Kb5 60.
Kg6 Be3 61.Rc3 Rd6+ 62.Kh7 Bc5 63.Rc2 Bd4 64.Rc8 Rd7 65.Kg6 Rd6+ 66.Kh7 
Rf6 67.Bg8 Be3 68.Kg7 Rd6 69.Bf7 Bd4+ 70.Kh7 Kb4 71.Rc4+ Kb5 72.Rc8 Rd7 
73.Kg6 Rd6+ 74.Kh7 Rd7 1/2-1/2

[Event "2 IECC, Ohrid"]
[Site "Ohrid MKD"]
[Date "2001.06.03"]
[Round "3.75"]
[White "Morrison, Chris"]
[Black "Volzhin, Alexander"]
[Result "0-1"]
[WhiteElo "2176"]
[BlackElo "2528"]
[EventDate "2001.06.01"]
[PlyCount "90"]

1.e4 c5 2.Nc3 a6 3.a4 e6 4.g3 d5 5.exd5 exd5 6.d4 cxd4 7.Qxd4 Nf6 8.Bg2 
Nc6 9.Qd1 d4 10.Qe2+ Be6 11.Ne4 Nxe4 12.Bxe4 Bb4+ 13.Bd2 Bxd2+ 14.Qxd2 O-O
15.Ne2 Bd5 16.f3 Bxe4 17.fxe4 Qb6 18.O-O-O Rfd8 19.Nf4 Qc5 20.Rhf1 b5 21.
Nd5 bxa4 22.Qg5 Qb5 23.Nf6+ Kh8 24.Rf5 Qe2 25.Qh4 h6 26.Rh5 Qe3+ 27.Kb1 
Rab8 28.Nd5 Rxd5 29.exd5 d3 30.Rxh6+ gxh6 31.Qf6+ Kg8 32.dxc6 a3 33.c7 
dxc2+ 34.Kxc2 Rxb2+ 35.Qxb2 Qf2+ 36.Rd2 Qf5+ 37.Kc1 axb2+ 38.Rxb2 Kg7 39.
Rc2 Qc8 40.Kb2 Kf8 41.Ka3 Ke7 42.Kb4 Kd6 43.h3 Qb7+ 44.Ka3 Qxc7 45.Rxc7 
Kxc7 0-1

[Event "2 IECC, Ohrid"]
[Site "Ohrid MKD"]
[Date "2001.06.03"]
[Round "3.76"]
[White "Tischbierek, Raj"]
[Black "Ilic, Ljubomir"]
[Result "1/2-1/2"]
[WhiteElo "2527"]
[BlackElo "2282"]
[EventDate "2001.06.01"]
[PlyCount "67"]

1.g3 c5 2.Bg2 Nc6 3.Nf3 Nf6 4.O-O g6 5.c3 Bg7 6.d4 cxd4 7.cxd4 d5 8.Ne5 
O-O 9.Nxc6 bxc6 10.Nc3 e6 11.b3 Nd7 12.e4 Re8 13.Bb2 Ba6 14.Re1 Rc8 15.Rc1
c5 16.exd5 cxd4 17.dxe6 Rxe6 18.Rxe6 fxe6 19.Ne4 Rxc1 20.Qxc1 Qa5 21.Bh3 
Nf8 22.a3 Qd5 23.Bg2 Qxb3 24.Nc5 Qc4 25.Nxa6 Qxa6 26.Bf1 Qd6 27.Bd3 h5 28.
a4 Kh7 29.Ba3 Qd5 30.Qc7 Qf3 31.Bxf8 Qxf8 32.Qxa7 Qf3 33.Qa6 h4 34.gxh4 
1/2-1/2

[Event "2 IECC, Ohrid"]
[Site "Ohrid MKD"]
[Date "2001.06.03"]
[Round "3.80"]
[White "Golod, Vitali"]
[Black "Miton, Kamil"]
[Result "0-1"]
[WhiteElo "2593"]
[BlackElo "2497"]
[EventDate "2001.06.01"]
[PlyCount "136"]

1.d4 Nf6 2.Nf3 c5 3.d5 g6 4.Nc3 Bg7 5.e4 O-O 6.Be2 b5 7.e5 Ng4 8.Bf4 b4 9.
Ne4 d6 10.exd6 exd6 11.h3 Nf6 12.Nxd6 Nh5 13.Bh2 Bxb2 14.Rb1 Bc3+ 15.Nd2 
Qg5 16.Ne4 Bxd2+ 17.Kf1 Qf5 18.Nxd2 Ba6 19.Bxa6 Nxa6 20.Nc4 Rad8 21.Ne3 
Qe4 22.Qe2 Nb8 23.Rd1 Nd7 24.Qg4 Ndf6 25.Qxe4 Nxe4 26.Bc7 Rd7 27.d6 Nc3 
28.Rd2 Nb5 29.Nd5 Nxc7 30.dxc7 Kg7 31.Ke1 Rc8 32.Rf1 Nf6 33.Nxf6 Re7+ 34.
Re2 Kxf6 35.Rxe7 Kxe7 36.Kd2 Kd6 37.Kd3 Kd5 38.a3 Rxc7 39.axb4 cxb4 40.Ra1
Kc5 41.c3 b3 42.Ra5+ Kc6 43.Kd2 Rd7+ 44.Kc1 Re7 45.Kb2 Kb6 46.Rg5 Re2+ 47.
Kxb3 Rxf2 48.h4 h5 49.Rg3 Rf4 50.Rh3 a5 51.Rh1 Kb5 52.g3 Rf3 53.Rg1 a4+ 
54.Kb2 Rf2+ 55.Ka3 Rc2 56.g4 hxg4 57.Rxg4 Rxc3+ 58.Kb2 Rc4 59.Rg5+ Rc5 60.
Rg4 Rf5 61.Ka3 Rf3+ 62.Kb2 Rh3 63.Rf4 f5 64.Rd4 a3+ 65.Ka2 Kc5 66.Ra4 Kd5 
67.Ra6 Rxh4 68.Rxg6 Ra4 0-1

[Event "2 IECC, Ohrid"]
[Site "Ohrid MKD"]
[Date "2001.06.03"]
[Round "3.81"]
[White "Halkias, Stelios"]
[Black "Mitkov, Nikola"]
[Result "1/2-1/2"]
[WhiteElo "2494"]
[BlackElo "2578"]
[EventDate "2001.06.01"]
[PlyCount "97"]

1.d4 d5 2.c4 e6 3.Nc3 Bb4 4.Nf3 Nf6 5.Bg5 h6 6.Bxf6 Qxf6 7.Qb3 c5 8.cxd5 
exd5 9.a3 Bxc3+ 10.Qxc3 Nd7 11.Qe3+ Qe7 12.Qxe7+ Kxe7 13.dxc5 Nxc5 14.Rc1 
Ne6 15.e3 Rd8 16.Kd2 Rd6 17.Bd3 Bd7 18.Rc3 a5 19.Rb1 Rb6 20.b3 Kd6 21.Rd1 
Rc6 22.Rdc1 Rxc3 23.Rxc3 b5 24.Rc1 b4 25.Ra1 Kc5 26.Rc1+ Kb6 27.a4 Rc8 28.
Rxc8 Bxc8 29.Bf5 Kc7 30.Bxe6 fxe6 31.Ne5 Kd6 32.f4 Ba6 33.g4 Kc5 34.Nd7+ 
Kd6 35.Ne5 Kc5 36.Nf3 Bf1 37.h4 Bh3 38.Ne5 Bf1 39.Nd7+ Kd6 40.Ne5 Kc5 41.
Nf3 Bh3 42.Ne5 Bf1 43.g5 h5 44.Nf3 Bh3 45.Nd4 Bf5 46.Kc1 Kd6 47.Kd2 Kc5 
48.Ke2 Kd6 49.Nb5+ 1/2-1/2

[Event "2 IECC, Ohrid"]
[Site "Ohrid MKD"]
[Date "2001.06.03"]
[Round "3.83"]
[White "Petrov, Marijan"]
[Black "Kuzmin, Gennady"]
[Result "1-0"]
[WhiteElo "2425"]
[BlackElo "2582"]
[EventDate "2001.06.01"]
[PlyCount "79"]

1.e4 e5 2.Nf3 Nc6 3.Bb5 Nf6 4.O-O Nxe4 5.d4 Nd6 6.Bxc6 dxc6 7.Bg5 Be7 8.
Bxe7 Qxe7 9.dxe5 Nf5 10.Nc3 Be6 11.Qd2 O-O 12.Qf4 Rfd8 13.Ne4 h6 14.Rfe1 
Kh8 15.Ng3 Nxg3 16.hxg3 c5 17.Re3 Qd7 18.Rae1 Qb5 19.b3 Qa5 20.a4 c4 21.g4
cxb3 22.cxb3 Kg8 23.g5 h5 24.g6 fxg6 25.Qg5 Qb4 26.Qxg6 Bf7 27.Qc2 Qe7 28.
e6 Be8 29.Re5 Rd6 30.Ng5 g6 31.Qe4 Rad8 32.Qxb7 Rd1 33.Nf3 R8d6 34.Qxa7 
Bc6 35.Qe3 R6d3 36.Qg5 Qxg5 37.Nxg5 Rxe1+ 38.Rxe1 Rxb3 39.e7 Be8 40.Rd1 
1-0

[Event "2 IECC, Ohrid"]
[Site "Ohrid MKD"]
[Date "2001.06.03"]
[Round "3.84"]
[White "Moiseenko, Olexandr"]
[Black "Mrva, Martin"]
[Result "0-1"]
[WhiteElo "2561"]
[BlackElo "2479"]
[EventDate "2001.06.01"]
[PlyCount "110"]

1.d4 Nf6 2.c4 g6 3.Nc3 Bg7 4.e4 d6 5.f3 O-O 6.Be3 c5 7.Nge2 b6 8.Qd2 Ba6 
9.b3 e6 10.Rd1 Nc6 11.d5 exd5 12.exd5 Ne7 13.Ng3 Re8 14.Kf2 h5 15.h4 Qd7 
16.Bd3 b5 17.Rhe1 bxc4 18.bxc4 Nc8 19.Bh6 Bh8 20.Nce4 Nxe4+ 21.Nxe4 Nb6 
22.Qf4 Bd4+ 23.Kf1 f5 24.Nxd6 Rxe1+ 25.Kxe1 Qe7+ 26.Kf1 Be5 27.Nxf5 Qf6 
28.Ne7+ Qxe7 29.Qe4 Qd6 30.Re1 Nd7 31.f4 Bd4 32.g4 Nf8 33.gxh5 Bc8 34.Qg2 
Rb8 35.Bxg6 Nxg6 36.Qxg6+ Qxg6 37.hxg6 Bf5 38.h5 Bh3+ 39.Ke2 Re8+ 40.Kd2 
Bc3+ 41.Kxc3 Rxe1 42.Bg5 Kg7 43.Bh4 Re3+ 44.Kd2 Re4 45.Bf2 Rxc4 46.Kd3 
Rxf4 47.Bxc5 Bf5+ 48.Kc3 Rh4 49.Bd4+ Kg8 50.Bxa7 Rxh5 51.d6 Bxg6 52.Bb6 
Be8 53.Bc7 Kf7 54.Kb4 Ke6 55.a3 Kd5 0-1

[Event "2 IECC, Ohrid"]
[Site "Ohrid MKD"]
[Date "2001.06.03"]
[Round "3.87"]
[White "Goloshchapov, Alexander"]
[Black "Mchedlishvili, Mikheil"]
[Result "1-0"]
[WhiteElo "2528"]
[BlackElo "2416"]
[EventDate "2001.06.01"]
[PlyCount "73"]

1.d4 Nf6 2.c4 e6 3.Nc3 Bb4 4.Qc2 c5 5.dxc5 Na6 6.a3 Bxc3+ 7.Qxc3 Nxc5 8.b4
Nce4 9.Qb2 Nd6 10.e3 b6 11.f3 Ba6 12.b5 Bb7 13.Bd2 Rc8 14.Rc1 Ba8 15.Nh3 
Nb7 16.Be2 Nc5 17.O-O O-O 18.e4 d6 19.Rfd1 Qe7 20.Nf2 Bb7 21.Bg5 e5 22.Ng4
Rcd8 23.Qd2 Bc8 24.Nxf6+ gxf6 25.Bh4 Ne6 26.Qh6 Ng5 27.Bd3 Rfe8 28.f4 exf4
29.Bxg5 fxg5 30.e5 f5 31.exf6 Qf7 32.Qxg5+ Kh8 33.Qxf4 Re6 34.Rf1 Bb7 35.
Rce1 Rg8 36.g3 Rf8 37.Qh6 1-0

[Event "2 IECC, Ohrid"]
[Site "Ohrid MKD"]
[Date "2001.06.03"]
[Round "3.88"]
[White "Miroshnichenko, Yevhen"]
[Black "Gunnarsson, Jon Viktor"]
[Result "1-0"]
[WhiteElo "2520"]
[BlackElo "2366"]
[EventDate "2001.06.01"]
[PlyCount "43"]

1.e4 e6 2.d4 d5 3.Nd2 c5 4.exd5 Qxd5 5.dxc5 Bxc5 6.Ngf3 Nf6 7.Bd3 O-O 8.
Qe2 Nc6 9.Ne4 Be7 10.O-O Nd4 11.Nxd4 Qxd4 12.Bd2 Nxe4 13.Bxe4 Qxb2 14.Rab1
Qd4 15.Rfd1 Qa4 16.Bc3 e5 17.Bxe5 Be6 18.Rxb7 Bc5 19.Rd3 Rfe8 20.Bxh7+ Kf8
21.Bxg7+ Kxg7 22.Qe5+ 1-0

[Event "2 IECC, Ohrid"]
[Site "Ohrid MKD"]
[Date "2001.06.03"]
[Round "3.90"]
[White "Shneider, Alexander"]
[Black "Ulker, Ates"]
[Result "1-0"]
[WhiteElo "2516"]
[BlackElo "2332"]
[EventDate "2001.06.01"]
[PlyCount "105"]

1.d4 Nf6 2.c4 e6 3.Nf3 b6 4.g3 Bb7 5.Bg2 Be7 6.Nc3 Ne4 7.Bd2 d5 8.cxd5 
exd5 9.O-O O-O 10.Rc1 Nd7 11.Qb3 Ndf6 12.Bf4 c5 13.dxc5 Bxc5 14.Rcd1 Qe7 
15.Nd4 Bxd4 16.Rxd4 Rfe8 17.Nxe4 dxe4 18.Rfd1 h6 19.Bh3 Bc8 20.Bd6 Qb7 21.
Bg2 Bf5 22.Qa3 Rad8 23.Bb4 Rxd4 24.Rxd4 Qc7 25.Qc3 Rc8 26.Qxc7 Rxc7 27.Bc3
Rd7 28.Rxd7 Nxd7 29.Kf1 Kf8 30.Ke1 Be6 31.a3 f5 32.Kd2 g6 33.Ke3 Ke7 34.g4
Nf6 35.gxf5 gxf5 36.Kf4 Bc8 37.Bh3 Nh5+ 38.Ke5 Ng7 39.Bd2 h5 40.Bh6 Ne8 
41.Bxf5 Bxf5 42.Kxf5 Nd6+ 43.Kg5 e3 44.f3 Kf7 45.Kxh5 Nc4 46.h4 Nxb2 47.
Bxe3 Nc4 48.Bd4 Nxa3 49.Kg5 Nc2 50.Be5 Ne3 51.h5 Nd5 52.h6 Kg8 53.e4 1-0

[Event "2 IECC, Ohrid"]
[Site "Ohrid MKD"]
[Date "2001.06.03"]
[Round "3.91"]
[White "Rossi, Carlo"]
[Black "Kempinski, Robert"]
[Result "0-1"]
[WhiteElo "2418"]
[BlackElo "2582"]
[EventDate "2001.06.01"]
[PlyCount "84"]

1.e4 c5 2.Nf3 d6 3.c3 Nf6 4.Be2 Nbd7 5.d3 g6 6.O-O Bg7 7.Re1 b6 8.d4 Nxe4 
9.Bb5 Bb7 10.dxc5 bxc5 11.Ng5 Nf6 12.Qxd6 Kf8 13.Qd1 h6 14.Nf3 Qc7 15.Qe2 
e6 16.h3 Rd8 17.a4 g5 18.Nbd2 g4 19.hxg4 Nxg4 20.Nf1 Bf6 21.a5 Rg8 22.a6 
Bd5 23.g3 c4 24.N1h2 h5 25.Bf4 e5 26.Be3 Nxe3 27.Qxe3 e4 28.Qh6+ Bg7 29.
Qg5 Nc5 30.Qxh5 Rh8 31.Qg5 exf3 32.Qxd5 Bxc3 33.Rad1 Rxd5 34.Re8+ Kg7 35.
Rxd5 Rxe8 36.Bxe8 Bxb2 37.Nxf3 c3 38.Nd4 Nxa6 39.Ba4 c2 40.Nxc2 Qc4 41.Ra5
Nc5 42.Ne3 Qb4 0-1

[Event "2 IECC, Ohrid"]
[Site "Ohrid MKD"]
[Date "2001.06.03"]
[Round "3.92"]
[White "Kiroski, Toni"]
[Black "Eljanov, Pavel"]
[Result "0-1"]
[WhiteElo "2403"]
[BlackElo "2558"]
[EventDate "2001.06.01"]
[PlyCount "72"]

1.e4 c5 2.Nf3 Nc6 3.d4 cxd4 4.Nxd4 e5 5.Nb5 d6 6.N1c3 a6 7.Na3 Be7 8.Be3 
Nf6 9.Nc4 O-O 10.Bb6 Qd7 11.Be2 Rb8 12.Qd2 Bd8 13.Rd1 Bxb6 14.Nxb6 Qd8 15.
Nxc8 Rxc8 16.Qxd6 Qb6 17.Qa3 Nd4 18.Bd3 Ng4 19.O-O Qh6 20.h3 Nf3+ 21.Kh1 
Ng5 22.f3 Nxh3 23.fxg4 Nf2+ 24.Kg1 Nxg4 25.Rf5 Qh2+ 26.Kf1 Qh1+ 27.Ke2 
Qxg2+ 28.Ke1 Qg3+ 29.Ke2 g6 30.Rdf1 gxf5 31.Nd5 fxe4 32.Ne7+ Kh8 33.Bxe4 
Qxa3 34.bxa3 Rc7 35.Nd5 Rc4 36.Bf5 Rd8 0-1

[Event "2 IECC, Ohrid"]
[Site "Ohrid MKD"]
[Date "2001.06.03"]
[Round "3.93"]
[White "Bezgodov, Alexei"]
[Black "Khruschiov, Alexei"]
[Result "1/2-1/2"]
[WhiteElo "2543"]
[BlackElo "2400"]
[EventDate "2001.06.01"]
[PlyCount "34"]

1.e4 e5 2.Nf3 Nc6 3.Bb5 a6 4.Ba4 Nf6 5.O-O Be7 6.Re1 b5 7.Bb3 d6 8.c3 O-O 
9.h3 Nb8 10.d4 Nbd7 11.c4 c6 12.Nbd2 Bb7 13.Bc2 exd4 14.Nxd4 g6 15.cxb5 
cxb5 16.Nf1 Re8 17.Ng3 d5 1/2-1/2

[Event "2 IECC, Ohrid"]
[Site "Ohrid MKD"]
[Date "2001.06.03"]
[Round "3.94"]
[White "Slobodjan, Roman"]
[Black "Stamenkov, Vanco"]
[Result "1/2-1/2"]
[WhiteElo "2529"]
[BlackElo "2380"]
[EventDate "2001.06.01"]
[PlyCount "108"]

1.d4 Nf6 2.c4 e6 3.Nf3 d5 4.g3 c6 5.Bg2 Bb4+ 6.Bd2 Be7 7.Qc2 O-O 8.O-O 
Nbd7 9.b3 b6 10.Bc3 Ba6 11.Nbd2 c5 12.e4 dxc4 13.bxc4 cxd4 14.Bxd4 Nc5 15.
Rfd1 Bb7 16.e5 Nfd7 17.h4 h6 18.Nb3 Qc7 19.Qe2 Rfd8 20.Rac1 Rac8 21.Qe3 
Bc6 22.Ba1 Nxb3 23.axb3 Bc5 24.Qe2 a5 25.Bc3 Nb8 26.Rxd8+ Rxd8 27.Rd1 
Rxd1+ 28.Qxd1 Nd7 29.Qe2 Bf8 30.Bb2 Bb4 31.h5 Nc5 32.Nd4 Bxg2 33.Kxg2 a4 
34.Nc2 Na6 35.bxa4 Qc6+ 36.Qf3 Qxc4 37.Ne3 Qc8 38.Qe4 Bc5 39.Nc4 Nb8 40.
Qa8 Qc6+ 41.Qxc6 Nxc6 42.f4 Na7 43.Nd2 g6 44.Ne4 Be3 45.Kf3 Bg1 46.Nf6+ 
Kg7 47.Ba3 b5 48.Ne8+ Kh7 49.hxg6+ Kxg6 50.axb5 Nxb5 51.Bb4 h5 52.Nf6 Bb6 
53.Nd7 Ba7 54.Nf6 Nd4+ 1/2-1/2

[Event "2 IECC, Ohrid"]
[Site "Ohrid MKD"]
[Date "2001.06.03"]
[Round "3.95"]
[White "Vasovski, Nikola"]
[Black "Guliev, Sarhan"]
[Result "0-1"]
[WhiteElo "2359"]
[BlackElo "2528"]
[EventDate "2001.06.01"]
[PlyCount "70"]

1.d4 f5 2.Nf3 Nf6 3.c4 g6 4.g3 Bg7 5.b4 O-O 6.Bb2 c6 7.Bg2 Na6 8.a3 Nc7 9.
Nbd2 b5 10.Ne5 bxc4 11.Ndxc4 Ncd5 12.O-O Ba6 13.Qb3 Rb8 14.f3 f4 15.e4 
fxe3 16.Rfe1 Bxc4 17.Nxc4 a5 18.Nxe3 axb4 19.Nxd5 Nxd5 20.a4 e6 21.f4 Qa5 
22.Red1 Nc3 23.Rd3 Ra8 24.Bxc3 bxc3 25.Rc1 Rfb8 26.Qxc3 Qxc3 27.Rcxc3 Rb1+
28.Kf2 Rb2+ 29.Kf3 Rxa4 30.Ra3 Rxa3 31.Rxa3 Bxd4 32.Bh3 Kf7 33.Ke4 c5 34.
Ra7 Rb3 35.Rxd7+ Kf6 0-1

[Event "2 IECC, Ohrid"]
[Site "Ohrid MKD"]
[Date "2001.06.03"]
[Round "3.99"]
[White "Roder, Matthias"]
[Black "Petkovski, Vlatko"]
[Result "1-0"]
[WhiteElo "2459"]
[BlackElo "2265"]
[EventDate "2001.06.01"]
[PlyCount "109"]

1.d4 Nf6 2.c4 e6 3.Nf3 c5 4.d5 exd5 5.cxd5 g6 6.Nc3 Bg7 7.Bf4 O-O 8.Bd6 
Re8 9.Bxc5 Ne4 10.Bd4 Nxc3 11.bxc3 Qa5 12.Bxg7 Kxg7 13.Qd4+ f6 14.Nd2 d6 
15.e3 Bf5 16.g4 Bc2 17.a4 Rc8 18.g5 Qxc3 19.gxf6+ Kf8 20.Qxc3 Rxc3 21.Be2 
Nd7 22.Nc4 Be4 23.O-O Nxf6 24.Nxd6 Bxd5 25.Rfc1 Rxc1+ 26.Rxc1 Rd8 27.Nb5 
a6 28.Nd4 Rd7 29.a5 Ke7 30.f3 Kd6 31.e4 Ba2 32.Rc2 Bf7 33.Kf2 Ke5 34.Ke3 
Kd6 35.f4 Ne8 36.e5+ Ke7 37.e6 Bxe6 38.Nxe6 Kxe6 39.Bg4+ Ke7 40.Bxd7 Kxd7 
41.Kd4 Kd6 42.Rb2 Kc7 43.Ke5 Ng7 44.Rb4 Nf5 45.Kf6 Kc6 46.Kf7 Nd6+ 47.Kg7 
Kc5 48.Rb1 Nc4 49.Rc1 Kb5 50.Rxc4 Kxc4 51.Kxh7 Kb5 52.Kxg6 Kxa5 53.f5 b5 
54.f6 b4 55.f7 1-0